The merrill studies in Moby-Dick
Gardado en:
| Autor Principal: | |
|---|---|
| Formato: | Libro |
| Idioma: | English |
| Publicado: |
New York, Estados Unidos
Charles E. Merrill
1969
|
| Materias: | |
| Etiquetas: |
Engadir etiqueta
Sen Etiquetas, Sexa o primeiro en etiquetar este rexistro!
|
MARC
| LEADER | 00000nam a2200000Ia 4500 | ||
|---|---|---|---|
| 008 | 170316s9999 xx 000 0 eng d | ||
| 040 | |a cru BVZT | ||
| 090 | |a C-810 V-1m | ||
| 100 | |a Vincent, Howard P. | ||
| 245 | 4 | |a The merrill studies in Moby-Dick | |
| 260 | |a New York, Estados Unidos | ||
| 260 | |b Charles E. Merrill | ||
| 260 | |c 1969 | ||
| 300 | |a 163 páginas | ||
| 650 | |a LITERATURA ESTADOUNIDENSE | ||
| 650 | |a CRÍTICA | ||
| 942 | |c 15 D | ||
| 999 | |c 12879 |d 12879 | ||
